[Event "CRO-chT2 East"]
[Site "Croatia"]
[Date "2011.10.29"]
[Round "11"]
[White "Crnogorac, Zeljko"]
[Black "Feletar, Darko"]
[Result "0-1"]
[WhiteElo "1920"]
[BlackElo "2379"]
[PlyCount "61"]
[EventDate "2011.04.02"]
[EventType "tourn"]
[EventRounds "11"]
[EventCountry "CRO"]
[SourceTitle "EXT 2014"]
[Source "ChessBase"]
[SourceDate "2013.11.20"]
[SourceVersion "1"]
[SourceVersionDate "2013.11.20"]
[SourceQuality "1"]

1. e4 c5 2. Bc4 Nc6 3. c3 Nf6 4. d3 d5 5. exd5 Nxd5 6. Ne2 e6 7. 0-0 Be7 8. Nd2 Nb6 9. Bb5 Bd7 10. Nb3 a6 11. Bxc6 Bxc6 12. Na5 Qd5 13. Nf4 Qd7 14. Nxc6 Qxc6 15. Be3 0-0 16. d4 Rfd8 17. Qh5 Nc4 18. Nd3 Rd5 19. Qf3 cxd4 20. cxd4 Qb5 21. Nf4 Rd7 22. b3 Na5 23. Rac1 Nc6 24. Rfd1 Rad8 25. Qe2 Qa5 26. Rc4 e5 27. Nh5 g6 28. Ng3 exd4 29. Bxd4 Nxd4 30. Rdxd4 Rxd4 31. Qxe7 0-1

[Event "CRO-chT2 East"]
[Site "Osijek"]
[Date "2010.10.16"]
[Round "7.31"]
[White "Lazic, Miroljub"]
[Black "Crnogorac, Zeljko"]
[Result "1-0"]
[WhiteElo "2507"]
[BlackElo "1907"]
[PlyCount "59"]
[EventDate "2010.04.17"]
[EventType "team-tourn"]
[EventRounds "11"]
[EventCountry "CRO"]
[SourceTitle "EXT 2012"]
[Source "ChessBase"]
[SourceDate "2011.11.24"]
[SourceVersion "1"]
[SourceVersionDate "2011.11.24"]
[SourceQuality "1"]

1. e4 e5 2. Nf3 Nc6 3. Bc4 h6 4. d4 Bd6 5. dxe5 Nxe5 6. Nxe5 Bxe5 7. Bxf7+ Kxf7 8. Qh5+ g6 9. Qxe5 Nf6 10. f3 d5 11. 0-0 Re8 12. Qd4 dxe4 13. Qxd8 Rxd8 14. fxe4 Kg7 15. Bxh6+ Kxh6 16. Rxf6 Re8 17. Nc3 Be6 18. Rd1 Bg4 19. Rd3 Kg7 20. Rf2 Rad8 21. h3 Be6 22. Rxd8 Rxd8 23. Kf1 Rd4 24. Ke2 b5 25. Ke3 Rb4 26. b3 c5 27. Ne2 c4 28. Nd4 Bg8 29. c3 Rxb3 30. axb3 1-0

[Event "CRO-Cup 19th"]
[Site "Sibenik"]
[Date "2010.05.22"]
[Round "5"]
[White "Curic, Drazen"]
[Black "Crnogorac, Zeljko"]
[Result "1-0"]
[WhiteElo "2229"]
[BlackElo "1907"]
[PlyCount "77"]
[EventDate "2010.05.19"]
[EventType "team-tourn"]
[EventRounds "6"]
[EventCountry "CRO"]
[SourceTitle "CBM 136 Extra"]
[Source "ChessBase"]
[SourceDate "2010.07.02"]
[SourceVersion "2"]
[SourceVersionDate "2010.07.15"]
[SourceQuality "1"]

1. e4 e5 2. f4 Nc6 3. Nf3 d5 4. exd5 Qxd5 5. Nc3 Qe6 6. Ng5 Qg4 7. Qxg4 Bxg4 8. Bc4 Nh6 9. 0-0 f6 10. Nge4 Bf5 11. d3 Nd4 12. fxe5 Nxc2 13. exf6 Bxe4 14. Nxe4 Nxa1 15. f7+ Kd7 16. Bxh6 gxh6 17. Rxa1 Be7 18. Rf1 c6 19. a4 a6 20. a5 Rab8 21. Rf5 b5 22. axb6 Rxb6 23. b3 Rf8 24. d4 Ra8 25. Nc5+ Bxc5 26. dxc5 Rbb8 27. Rf6 a5 28. h3 a4 29. bxa4 Ke7 30. Rxc6 Rxa4 31. Bd5 Rd4 32. Rc7+ Kf8 33. Rd7 Rc8 34. Kf2 Rf4+ 35. Ke3 Rb4 36. c6 Ra8 37. c7 Ra3+ 38. Kf2 Rb2+ 39. Kg1 1-0

[Event "CRO-Cup 19th"]
[Site "Sibenik"]
[Date "2010.05.20"]
[Round "2"]
[White "Crnogorac, Zeljko"]
[Black "Ascic, Iva"]
[Result "1/2-1/2"]
[WhiteElo "1907"]
[BlackElo "2005"]
[PlyCount "32"]
[EventDate "2010.05.19"]
[EventType "team-tourn"]
[EventRounds "6"]
[EventCountry "CRO"]
[SourceTitle "CBM 136 Extra"]
[Source "ChessBase"]
[SourceDate "2010.07.02"]
[SourceVersion "2"]
[SourceVersionDate "2010.07.15"]
[SourceQuality "1"]

1. e4 e5 2. Bc4 Nf6 3. Nc3 Nc6 4. d3 Bb4 5. Bd2 d6 6. Nd5 Bxd2+ 7. Qxd2 Nxd5 8. Bxd5 Be6 9. Ne2 Qe7 10. 0-0-0 f5 11. Bxc6+ bxc6 12. exf5 Bxf5 13. Qc3 c5 14. Ng3 Qf7 15. f4 Bg4 16. Rdf1 0-0 1/2-1/2

[Event "CRO-Cup 19th"]
[Site "Sibenik"]
[Date "2010.05.19"]
[Round "1"]
[White "Ivankovic, Ivo"]
[Black "Crnogorac, Zeljko"]
[Result "1-0"]
[WhiteElo "2141"]
[BlackElo "1907"]
[PlyCount "82"]
[EventDate "2010.05.19"]
[EventType "team-tourn"]
[EventRounds "6"]
[EventCountry "CRO"]
[SourceTitle "CBM 136 Extra"]
[Source "ChessBase"]
[SourceDate "2010.07.02"]
[SourceVersion "2"]
[SourceVersionDate "2010.07.15"]
[SourceQuality "1"]

1. c4 c5 2. Nf3 Nf6 3. g3 g6 4. Bg2 Nc6 5. 0-0 Bg7 6. Nc3 0-0 7. d4 Nxd4 8. Nxd4 cxd4 9. Qxd4 d6 10. Qh4 Re8 11. Bh6 Rb8 12. Bxg7 Kxg7 13. Qd4 Qa5 14. Nd5 e5 15. Qc3 Qxc3 16. Nxc3 Be6 17. b3 a6 18. Rfd1 Red8 19. Rd2 b5 20. cxb5 axb5 21. Rad1 Rb6 22. e4 Rc8 23. Rd3 Rc5 24. R1d2 Rbc6 25. Nd1 Ne8 26. h3 Rc1 27. Kh2 R6c2 28. Ne3 Rxd2 29. Rxd2 f5 30. Nc2 fxe4 31. Bxe4 d5 32. Bg2 Nc7 33. Nb4 Re1 34. Nd3 Ra1 35. Nxe5 Kf6 36. Nd3 Na6 37. g4 h6 38. Kg3 Rg1 39. Nf4 Nb4 40. a3 Nc6 41. Kh2 Rb1 1-0

[Event "CRO-chT2c"]
[Site "Croatia"]
[Date "2009.04.04"]
[Round "1"]
[White "Crnogorac, Zeljko"]
[Black "Pandurevic, Miro"]
[Result "0-1"]
[WhiteElo "1906"]
[BlackElo "2226"]
[PlyCount "74"]
[EventDate "2009.04.04"]
[EventType "team-tourn"]
[EventRounds "11"]
[EventCountry "CRO"]
[SourceTitle "EXT 2010"]
[Source "ChessBase"]
[SourceDate "2010.11.25"]
[SourceVersion "1"]
[SourceVersionDate "2010.11.25"]
[SourceQuality "1"]

1. d4 Nf6 2. c4 d6 3. Nc3 Bf5 4. Qb3 Qc8 5. Nf3 h6 6. Nd2 Nc6 7. e3 e5 8. d5 Ne7 9. e4 Bd7 10. Bd3 Nh5 11. 0-0 Nf4 12. Ne2 Neg6 13. Nf3 Nxd3 14. Qxd3 f5 15. Nd2 Be7 16. b3 0-0 17. Bb2 Bg5 18. f3 b6 19. exf5 Bxf5 20. Ne4 Be7 21. Qc3 Bxe4 22. fxe4 Qg4 23. Qd3 Nh4 24. Ng3 Rf4 25. Bc3 Raf8 26. Bd2 h5 27. Bxf4 exf4 28. Qe2 fxg3 29. Qxg4 hxg4 30. hxg3 Ng6 31. Rxf8+ Kxf8 32. Kf2 Bf6 33. Rf1 Ke7 34. Rh1 a5 35. Rh5 Bd4+ 36. Ke2 Ne5 37. Rg5 g6 0-1